Microeconomics / (Record no. 590)

MARC details
000 -LEADER
fixed length control field 03222cam a22003134a 4500
001 - CONTROL NUMBER
control field 13083470
003 - CONTROL NUMBER IDENTIFIER
control field OSt
005 - DATE AND TIME OF LATEST TRANSACTION
control field 20260311123411.0
008 - FIXED-LENGTH DATA ELEMENTS--GENERAL INFORMATION
fixed length control field 030205s2004 maua 001 0 eng
010 ## - LIBRARY OF CONGRESS CONTROL NUMBER
LC control number 2003043047
020 ## - INTERNATIONAL STANDARD BOOK NUMBER
International Standard Book Number 007254936X (alk. paper)
040 ## - CATALOGING SOURCE
Original cataloging agency BSULIB
Transcribing agency BSULIB
Modifying agency DLC
Language of cataloging English
042 ## - AUTHENTICATION CODE
Authentication code pcc
050 00 - LIBRARY OF CONGRESS CALL NUMBER
Classification number HB172
Item number .C558 2004
082 00 - DEWEY DECIMAL CLASSIFICATION NUMBER
Classification number 338.5
Edition number 21
Item number COL
100 1# - MAIN ENTRY--PERSONAL NAME
Personal name Colander, David C.
9 (RLIN) 1251
245 10 - TITLE STATEMENT
Title Microeconomics /
Statement of responsibility, etc David C. Colander.
250 ## - EDITION STATEMENT
Edition statement 5th ed.
260 ## - PUBLICATION, DISTRIBUTION, ETC. (IMPRINT)
Place of publication, distribution, etc Boston :
Name of publisher, distributor, etc McGraw-Hill Irwin,
Date of publication, distribution, etc 2004.
300 ## - PHYSICAL DESCRIPTION
Extent xxiv, 467, [61] p. :
Other physical details col. ill. ;
Dimensions cm.
500 ## - GENERAL NOTE
General note Includes index.
505 ## - FORMATTED CONTENTS NOTE
Formatted contents note I: Introduction <br/><br/>Chapter 1: Economics and Economic Reasoning<br/>Chapter 2: Trade and Tradeoffs +<br/>Chapter 3: The Evolving U.S. Economy in Perspective +<br/>Chapter 4: Supply and Demand<br/>Chapter 5: Applying Supply and Demand<br/><br/>II: Microeconomics<br/><br/>I: Microeconomics: The Basics<br/>Chapter 6: Describing Supply and Demand: Elasticities<br/>Chapter 7: Taxation and Government Intervention<br/><br/>II: Foundations of Supply and Demand<br/>Chapter 8: The Logic of Individual Choice: The Foundation of Supply and Demand<br/>Chapter 9: Production and Cost Analysis I<br/>Chapter 10: Production and Cost Analysis II<br/><br/>III Market Structure and Policy<br/>Chapter 11: Perfect Competition<br/>Chapter 12: Monopoly<br/>Chapter 13: Monopolistic Competition, Oligopoly, and Strategic Pricing<br/>Chapter 14: Real-World Competition and Technology +<br/>Chapter 15: Antitrust Policy and Regulation<br/><br/>IV: Factor Markets<br/>Chapter 16: Work and the Labor Market<br/>Chapter 17: Who Gets What? The Distribution of Income<br/><br/>V: Applying Economic Reasoning to Policy<br/>Chapter 18: Government Policy and Market Failures<br/>Chapter 19: Politics and Economics: The Case of Agriculture<br/>Chapter 20: Microeconomic Policy, Economic Reasoning, and Beyond<br/>Chapter 21: International Trade Policy<br/><br/>III: Macroeconomics<br/><br/>I: Macroeconomic Problems<br/>Chapter 22: Economic Growth, Business Cycles, Unemployment, and Inflation<br/>Chapter 23: National Income Accounting<br/><br/>II: The Macroeconomic Framework<br/>Chapter 24: Growth, Productivity, and the Wealth of Nations<br/>Chapter 25: Aggregate Demand, Aggregate Supply, and Modern Macroeconomics<br/>Chapter 26: The Multiplier Model<br/><br/>III: Money and Monetary Policy<br/>Chapter 27: Money, Banking, and the Financial Sector<br/>Chapter 28: Monetary Policy and the Debate about Macro Policy<br/>Chapter 29: Inflation and Its Relationship to Unemployment and Growth +<br/><br/>IV: Policy Issues in Depth<br/>Chapter 30: Aggregate Demand Policy in Perspective +<br/>Chapter 31: Politics, Surpluses, Deficits, and Debt +<br/>Chapter 32: Macro Policies in Developing Countries *<br/><br/>V: International Policy Issues<br/>Chapter 33: International Finance +<br/>Chapter 34: Monetary and Fiscal Policy in a Global Setting
650 #0 - SUBJECT ADDED ENTRY--TOPICAL TERM
Topical term or geographic name as entry element Microeconomics.
9 (RLIN) 1533
856 42 - ELECTRONIC LOCATION AND ACCESS
Materials specified Publisher description
Uniform Resource Identifier <a href="http://www.loc.gov/catdir/description/mh031/2003043047.html">http://www.loc.gov/catdir/description/mh031/2003043047.html</a>
856 41 - ELECTRONIC LOCATION AND ACCESS
Materials specified Table of contents
Uniform Resource Identifier <a href="http://www.loc.gov/catdir/toc/mh031/2003043047.html">http://www.loc.gov/catdir/toc/mh031/2003043047.html</a>
906 ## - LOCAL DATA ELEMENT F, LDF (RLIN)
a 7
b cbc
c orignew
d 1
e ocip
f 20
g y-gencatlg
942 ## - ADDED ENTRY ELEMENTS (KOHA)
Source of classification or shelving scheme Dewey Decimal Classification
Koha item type Reserved Books
Holdings
Withdrawn status Lost status Source of classification or shelving scheme Damaged status Not for loan Collection code Home library Current library Shelving location Date acquired Source of acquisition Inventory number Total Checkouts Full call number Barcode Date last seen Copy number Price effective from Koha item type Public note
    Dewey Decimal Classification       Main Library Main Library Reserve Book Section 14/11/2009 Purchased 20141   338.5COL bsu26030138 14/11/2012 001 14/11/2012 Reserved Books Material available in hard copy
    Dewey Decimal Classification       Main Library Main Library   14/11/2009 Purchased     338.5COL 20142 14/11/2012 2 14/11/2012 Reserved Books  

© 2017 Bishop Stuart University Library. All Rights Reserved.
Kakoba Campus, Plot 150 Buremba Road | P.O. Box 9, Mbarara, UGANDA | Tel: +256-772-463068
Email: library@bsu.ac.ug